00797 2200181 4500245003400000020002200034250001100056100002100067700001400088650001700102005001900119260002800138041001400166084001100180300002300191500039200214336000900606 a01.00cAmeylia FalensiahText a978-623-310-053-3 aCet. 1 aAmeylia Falensia aFauzia A. aNovel Remaja a20240222111237 aJakartabLoveablec2022 aIndonesia a808.83 a320 hlm. :c19 cm. aLengkara harus membuat happy ending-nya sendiri dengan atau tanpa kehadiran Masnaka. Namun, semua proses itu tidaklah mudah. Karena dalam kisahnya, sang pemeran utama telah mati tanpa meninggalkan pengganti. Tugas Lengkara hanya kembali memutar jam pasir bersama Masnaka dalam ingatan. Atau, membiarkan pasir itu habis dan membuat Sekala merangkai ending yang menyenangkan buat Lengkara? atext